[Event "ESP-ch U12 rapid"]
[Site "Salobrena"]
[Date "2024.07.14"]
[Round "9"]
[White "Merino Ferrer, Javier"]
[Black "Lopera Larrea, Izan"]
[Result "0-1"]
[WhiteElo "1614"]
[BlackElo "1563"]
[PlyCount "102"]
[EventDate "2024.07.13"]
[EventType "swiss (rapid)"]
[EventRounds "9"]
[EventCountry "ESP"]
[SourceTitle "EXT 2025"]
[Source "ChessBase"]
[SourceDate "2024.10.14"]
[SourceVersion "1"]
[SourceVersionDate "2024.10.14"]
[SourceQuality "1"]

1. e4 c5 2. Nf3 Nc6 3. d4 cxd4 4. Nxd4 Nf6 5. Nc3 e6 6. Nxc6 bxc6 7. e5 Nd5 8. Ne4 Qc7 9. c4 Qxe5 10. Bd3 Nf6 11. f4 Qd4 12. Qe2 Nxe4 13. Bxe4 Bb4+ 14. Kf1 Ba6 15. Bd3 Bc5 16. Rb1 d5 17. b4 Bd6 18. Be3 Qf6 19. g3 0-0 20. h4 e5 21. f5 e4 22. b5 exd3 23. Qxd3 dxc4 24. Qd2 c3 25. Qc2 Bxb5+ 26. Rxb5 cxb5 27. Bg5 Qd4 28. f6 g6 29. h5 Rfe8 30. hxg6 fxg6 31. Qb3+ Qc4+ 32. Qxc4+ bxc4 33. f7+ Kxf7 34. Rxh7+ Ke6 35. Rh4 Kf5 36. Bc1 Bxg3 37. Rxc4 Re1+ 38. Kg2 Rxc1 39. Kxg3 Re8 40. Rf4+ Ke5 41. Ra4 c2 42. Ra5+ Kd4 43. Ra4+ Kc5 44. Rxa7 Rg1+ 45. Kf2 c1Q 46. Rc7+ Kb6 47. Rf7 Rf1+ 48. Kg2 Rxf7 49. a4 Qc3 50. a5+ Kb5 51. Kg1 Re2 0-1

[Event "ESP-ch U12"]
[Site "Salobrena"]
[Date "2024.07.13"]
[Round "9"]
[White "Merino Ferrer, Javier"]
[Black "Kowalski Rubiales, Leo"]
[Result "0-1"]
[WhiteElo "1696"]
[BlackElo "1593"]
[PlyCount "90"]
[EventDate "2024.07.08"]
[EventType "swiss"]
[EventRounds "9"]
[EventCountry "ESP"]
[SourceTitle "EXT 2025"]
[Source "ChessBase"]
[SourceDate "2024.10.14"]
[SourceVersion "1"]
[SourceVersionDate "2024.10.14"]
[SourceQuality "1"]

1. e4 c6 2. Nf3 d5 3. Nc3 dxe4 4. Nxe4 Nd7 5. Bc4 Ngf6 6. Qe2 Nxe4 7. Qxe4 Nf6 8. Ne5 e6 9. Qf4 Bd6 10. d4 0-0 11. 0-0 Nd5 12. Qf3 Qc7 13. Re1 f6 14. Ng4 Qa5 15. c3 Kh8 16. Qh3 e5 17. dxe5 Bxe5 18. Bd3 g6 19. Bxg6 Qc7 20. Bh5 Rg8 21. Qh4 Bxg4 22. Bxg4 Bxh2+ 23. Kh1 Be5 24. c4 Nb4 25. Bf5 Qg7 26. Qh3 Rad8 27. Bh6 Qc7 28. Rad1 c5 29. a3 Nc6 30. b3 Nd4 31. Be4 b6 32. f4 Bd6 33. Qh4 Bf8 34. Qxf6+ Bg7 35. Bxg7+ Qxg7 36. Qxg7+ Rxg7 37. Re3 Re7 38. Rdd3 Rde8 39. Rh3 Rxe4 40. Rh4 Re1+ 41. Kh2 Ra1 42. b4 Ree1 43. Rg4 Rad1 44. Rc3 Nf5 45. Rg5 Rh1# 0-1

[Event "ESP-ch U12"]
[Site "Salobrena"]
[Date "2024.07.10"]
[Round "5"]
[White "Mansor Habash, Zouheir"]
[Black "Merino Ferrer, Javier"]
[Result "1-0"]
[WhiteElo "1827"]
[BlackElo "1696"]
[PlyCount "93"]
[EventDate "2024.07.08"]
[EventType "swiss"]
[EventRounds "9"]
[EventCountry "ESP"]
[SourceTitle "EXT 2025"]
[Source "ChessBase"]
[SourceDate "2024.10.14"]
[SourceVersion "1"]
[SourceVersionDate "2024.10.14"]
[SourceQuality "1"]

1. e4 c5 2. Nc3 Nc6 3. f4 e6 4. Nf3 g6 5. Bb5 Bg7 6. Bxc6 dxc6 7. e5 Ne7 8. Ne4 Nd5 9. Nd6+ Ke7 10. Ng5 Qc7 11. d4 h6 12. Ngxf7 Rf8 13. f5 exf5 14. Nxh6 f4 15. Ng4 cxd4 16. 0-0 Ne3 17. Bxe3 dxe3 18. Qe1 g5 19. Qe2 Bxe5 20. Nxe5 Qxd6 21. Nc4 Qc5 22. Rae1 Be6 23. b3 Bxc4 24. bxc4 Rad8 25. Kh1 Rd2 26. Qxd2 Qxc4 27. Rxe3+ Kf7 28. Qd7+ Kg8 29. Qe6+ Qxe6 30. Rxe6 Kf7 31. Rfe1 Rd8 32. Re7+ Kf6 33. Rxb7 Rd2 34. Rxa7 Rxc2 35. Ra6 Kf5 36. h3 c5 37. Ra5 g4 38. hxg4+ Kxg4 39. a4 Kg3 40. Ra8 f3 41. Rg8+ Kf2 42. Ra1 Rc4 43. Ra2+ Kf1 44. gxf3 Rh4+ 45. Rh2 Rxh2+ 46. Kxh2 c4 47. Rg2 1-0

[Event "ESP-ch U12 rapid"]
[Site "Salobrena"]
[Date "2023.07.15"]
[Round "1"]
[White "Merino Ferrer, Javier"]
[Black "Lopez Martinez, Jaime"]
[Result "0-1"]
[WhiteElo "1219"]
[BlackElo "1704"]
[PlyCount "90"]
[EventDate "2023.07.15"]
[EventType "swiss (rapid)"]
[EventRounds "9"]
[EventCountry "ESP"]
[SourceTitle "EXT 2024"]
[Source "ChessBase"]
[SourceDate "2023.10.10"]
[SourceVersion "1"]
[SourceVersionDate "2023.10.10"]
[SourceQuality "1"]

1. e4 e5 2. Nf3 Nc6 3. Bc4 Bc5 4. c3 Nf6 5. d4 exd4 6. e5 d5 7. Bb5 Ne4 8. cxd4 Bb6 9. Nc3 0-0 10. 0-0 Bg4 11. h3 Bxf3 12. Qxf3 Nxd4 13. Qd3 c6 14. Ba4 Nxc3 15. bxc3 Ne6 16. Ba3 Re8 17. Bc2 g6 18. Kh1 Qg5 19. f4 Nxf4 20. Qf3 Be3 21. Bc1 Rxe5 22. Bxe3 Rxe3 23. Qxf4 Qxf4 24. Rxf4 Rxc3 25. Bb3 Re8 26. Raf1 Re7 27. Bd1 b5 28. a4 Rc4 29. Rxc4 bxc4 30. Kh2 f5 31. g4 fxg4 32. Bxg4 c3 33. Rf6 c5 34. Rc6 c4 35. Be6+ Rxe6 36. Rxe6 c2 37. Re1 d4 38. Kg2 d3 39. Re8+ Kf7 40. Ra8 c1Q 41. Rxa7+ Kf6 42. a5 d2 43. Rb7 d1Q 44. Rb6+ Kg7 45. a6 Qf1+ 0-1

[Event "ESP-ch U10"]
[Site "Salobrena"]
[Date "2022.07.06"]
[Round "5"]
[White "Merino Ferrer, Javier"]
[Black "Garcia Olivar, Laura"]
[Result "0-1"]
[WhiteElo "1407"]
[BlackElo "1175"]
[PlyCount "126"]
[EventDate "2022.07.04"]
[EventType "swiss"]
[EventRounds "9"]
[EventCountry "ESP"]
[SourceTitle "EXT 2023"]
[Source "ChessBase"]
[SourceDate "2022.10.05"]
[SourceVersion "1"]
[SourceVersionDate "2022.10.05"]
[SourceQuality "1"]

1. e4 c6 2. d4 d5 3. Nc3 dxe4 4. Nxe4 Qc7 5. Nf3 Bf5 6. Ng3 Bg6 7. h4 h6 8. h5 Bh7 9. Bd3 Bxd3 10. Qxd3 Nd7 11. Be3 Ngf6 12. c4 e6 13. Rc1 Rd8 14. Ne4 Nxe4 15. Qxe4 Nf6 16. Qf4 Qxf4 17. Bxf4 Bb4+ 18. Bd2 Bxd2+ 19. Kxd2 Ke7 20. Ne5 Rxd4+ 21. Kc3 Rhd8 22. Rhf1 Nxh5 23. g3 Kf6 24. Rfe1 Rd2 25. Rc2 Rxc2+ 26. Kxc2 Ke7 27. a4 Nf6 28. a5 Nd7 29. Nxd7 Rxd7 30. c5 Rd5 31. b4 a6 32. Re4 Kf6 33. Rf4+ Rf5 34. Rxf5+ Kxf5 35. f3 g5 36. Kd3 g4 37. f4 e5 38. fxe5 Kxe5 39. Ke3 f5 40. Kf2 f4 41. gxf4+ Kxf4 42. Kg2 Ke4 43. Kg3 h5 44. Kg2 h4 45. Kh2 g3+ 46. Kg2 Kd4 47. Kh3 Kc4 48. Kg2 Kxb4 49. Kh3 Kxa5 50. Kg2 b5 51. cxb6 Kxb6 52. Kh3 a5 53. Kg2 a4 54. Kh3 a3 55. Kg2 a2 56. Kf3 a1Q 57. Ke4 g2 58. Kf5 Qd4 59. Ke6 Qd5+ 60. Kf6 g1Q 61. Ke7 Qgg5+ 62. Ke8 Qgg8+ 63. Ke7 Qde6# 0-1